000 00618nam a2200241Ia 4500
003 OSt
005 20221006144726.0
006 a|||||r|||| 00| 0
007 ta
008 221006b |||||||| |||| 00| 0 eng d
020 _cHK
_85.00(each)
024 _a12,508
037 _cTextual
040 _aEASL
_cEASL
_beng
041 _2eng
_aeng
082 _aV41.N75, 111L6;1
245 0 _aPictoral history of modern China
260 _aHong Kong
_bSeventies Pub.
_c1976
300 _a98p.
_ccm.
490 _v CEL
942 _hV41.N75, 111L6;1
_cTEXL
_2CC
999 _c1080594
_d1080594